Statistics for Countries By Their 2nd Largest Cities

Click here to take the quiz!

General Stats

  • This quiz has been taken 48 times
  • The average score is 16 of 20

Answer Stats

Second Largest CityCountry% Correct
MelbourneAustralia
100%
AntwerpBelgium
100%
Rio de JaneiroBrazil
100%
HamburgGermany
100%
Tel AvivIsrael
100%
AnkaraTurkey
100%
Los AngelesUnited States
100%
MontrealCanada
98%
AlexandriaEgypt
98%
ThessalonikiGreece
96%
LahorePakistan
94%
CórdobaArgentina
89%
MedellínColombia
89%
MombasaKenya
83%
BrnoCzechia
74%
KandaharAfghanistan
68%
ArequipaPeru
53%
OranAlgeria
51%
FreeportBahamas
23%
KumasiGhana
19%

Score Distribution

Percentile by Number Answered

Percent of People with Each Score

Your Score History

You have not taken this quiz